000
00247nam a2200109Ia 4500
008
190216s9999||||xx |||||||||||||| ||und||
100
_a
Kalavathy S
245
0
_a
Numerical Methods
260
_b
Vijay Nicoles
650
_a
Mathematics
942
_c
BK
999
_c
31941
_d
31941